书目信息 |
| 题名: |
环境保护知识读本
|
|
| 作者: | 张力军 主编 | |
| 分册: | ||
| 出版信息: | 北京 海洋出版社 2004.02 |
|
| 页数: | 322页 | |
| 开本: | 21cm | |
| 丛书名: | ||
| 单 册: | ||
| 中图分类: | X-49 | |
| 科图分类: | ||
| 主题词: | 环境保护--普及读物 | |
| 电子资源: | ||
| ISBN: | 7-5027-6069-5 | |
| 000 | 00925nam0 2200241 450 | |
| 001 | 010248958116 | |
| 005 | 20050906155605.00 | |
| 010 | @a7-5027-6069-5@dCNY25.00 | |
| 100 | @a20050606d2004 km y0chiy0120 ea | |
| 101 | 0 | @achi |
| 102 | @aCN@b110000 | |
| 105 | @aa a 000yy | |
| 200 | 1 | @a环境保护知识读本@Ahuan jing bao hu zhi shi du ben@f张力军主编@Fzhang li jun zhu bian |
| 210 | @a北京@c海洋出版社@d2004.02 | |
| 215 | @a322页@c图@d21cm | |
| 320 | @a有书目 (第321页)。 | |
| 330 | @a本书包括环境保护的基本方针、政策、机构及职能,监测的法律法规,环境标准,污染物排放标准、监督与管理,污染的防治技术、对策及综合利用,城市与农村的环境及保护,确保农业的可持续发展,环境统计指标,环境保护档案及各种污染物的排放标准等内容。 | |
| 333 | @a环境保护工作者,相关人员。 | |
| 606 | 0 | @a环境保护@j普及读物 |
| 690 | @aX-49@v4 | |
| 701 | 0 | @a张力军@Azhang li jun@4主编 |
| 801 | 0 | @aCN@bQSSK@c20050906 |
| 905 | @a10447@dX-49@eZ132 | |
| 环境保护知识读本/张力军主编.-北京:海洋出版社,2004.02 |
| 322页:图;21cm |
| 使用对象:环境保护工作者,相关人员。 |
| ISBN 7-5027-6069-5:CNY25.00 |
| 本书包括环境保护的基本方针、政策、机构及职能,监测的法律法规,环境标准,污染物排放标准、监督与管理,污染的防治技术、对策及综合利用,城市与农村的环境及保护,确保农业的可持续发展,环境统计指标,环境保护档案及各种污染物的排放标准等内容。 |
| ● |
| 相关链接 |
|
|
|
正题名:环境保护知识读本
索取号:X-49/Z132
 
预约/预借
| 序号 | 登录号 | 条形码 | 馆藏地/架位号 | 状态 | 备注 |
| 1 | 561595 | 205615958 | 自科库501/501自科库 61排4列3层/ [索取号:X-49/Z132] | 在馆 | |
| 2 | 561596 | 205615967 | 自科库501/501自科库 61排4列3层/ [索取号:X-49/Z132] | 在馆 | |
| 3 | 561597 | 205615976 | 期刊室512/501自科库 61排4列3层/ [索取号:X-49/Z132] | 在馆 |